000 00602nam a2200217Ia 4500
003 OSt
005 20220107122734.0
008 130318s9999 xx 000 0 und d
020 _a9788131714034
040 _cIIITM-K
082 _a658.4038 AWA/K;1
100 _aAwad, Elias M
_93913
245 _aKnowledge management
_cby Elias M Awad; Hassan Ghaziri
260 _bPearson Education,
_aNew Delhi,
_c2007.
300 _a480p.
650 _aMANAGEMENT
_93914
650 _aKNOWLEDGE MANAGEMENT
_93915
650 _aINFORMATION SYSTEMS
_93916
700 _aGhaziri, Hassan M
_93917
942 _2ddc
_cBK
999 _c3789
_d3789